00186nam a22000617a 4500082001700000245007000017526003700087 a355.345bMIN aMaterial regulations for the army vol.9 health anad safty at work a0b0c0d355_345000000000000_MIN